Wymień państwa Azji po pierwszej literze - Statystyki

Ogólne statystyki
  • Ten quiz został rozwiązany 125 razy
  • Średni wynik to 17 z 19
Statystyki odpowiedzi
Hint Odpowiedź % Poprawnych
A Arabia Saudyjska, Afganistan, Armenia, Azerbejdżan
97%
J Jemen, Jordania, Japonia
97%
T Tadżykistan, Tajlandia, Timor Wschodni, Turcja, Turkmenistan
97%
M Malediwy, Mjanma, Mongolia, Malezja
96%
C Chiny, Cypr
95%
I Indie, Irak, Iran, Indonezja
95%
K Kambodża, Katar, Kazachstan, Kirgistan, Korea Południowa, Korea Północna, Kuwejt
95%
O Oman
94%
R Rosja
93%
B Bahrajn, Bangladesz, Bhutan, Brunei
91%
F Filipiny
90%
L Laos, Liban
90%
P Pakistan
89%
S Syria, Sri Lanka, Singapur
88%
G Gruzja
87%
U Uzbekistan
87%
N Nepal
83%
W Wietnam
83%
Z Zjednoczone Emiraty Arabskie
78%
Nie znaleziono quizów pasujących do podanych kryteriów
Rozkład punktacji
Procent ludzi z każdym wynikiem
Percentyl według liczby udzielonych odpowiedzi
Twoja historia wyników
Nie rozwiązałeś tego quizu